[Event "Kemer Turkey Cup"]
[Site "Kemer"]
[Date "2014.02.02"]
[Round "2"]
[White "Onal, Umut"]
[Black "Seyrek, Rohat"]
[Result "1/2-1/2"]
[WhiteElo "1518"]
[BlackElo "1707"]
[PlyCount "104"]
[EventDate "2014.02.01"]
[EventType "swiss"]
[EventRounds "9"]
[EventCountry "TUR"]
[SourceTitle "CBM 158 Extra"]
[Source "ChessBase"]
[SourceDate "2014.02.28"]
[SourceVersion "1"]
[SourceVersionDate "2014.02.28"]
[SourceQuality "1"]

1. d4 d5 2. Bf4 Nf6 3. e3 e6 4. Bd3 c5 5. c3 Nc6 6. Nd2 Be7 7. h3 a6 8. Ngf3 0-0 9. 0-0 b5 10. a3 Bb7 11. Qe2 Rc8 12. Rfd1 cxd4 13. exd4 Na5 14. Ne5 Nc4 15. Ndxc4 dxc4 16. Bc2 g6 17. Bh2 Nh5 18. Be4 Bd5 19. Re1 Bg5 20. Rad1 Nf4 21. Bxf4 Bxf4 22. Qf3 Bxe4 23. Qxf4 Bd5 24. Ng4 h5 25. Nf6+ Kg7 26. Ne4 Bxe4 27. Qxe4 Re8 28. Re3 Qd5 29. Qxd5 exd5 30. Rde1 Kf8 31. g4 hxg4 32. hxg4 Rxe3 33. Rxe3 Re8 34. Re5 Rd8 35. g5 Rd6 36. Kg2 f6 37. gxf6 Kf7 38. Kg3 Kxf6 39. Kg4 Rd8 40. f4 Rd7 41. f5 gxf5+ 42. Rxf5+ Ke6 43. Re5+ Kd6 44. Re2 Rf7 45. Kg5 Rf1 46. Kg6 a5 47. Kg5 b4 48. axb4 axb4 49. Kg4 bxc3 50. bxc3 Rc1 51. Re3 Rf1 52. Kg5 Rf8 1/2-1/2